| 000 | 01008cam a2200169 4500 | ||
|---|---|---|---|
| 001 | X103563 | ||
| 008 | 000000n2000 000 0 eng u | ||
| 035 | _a(Sirsi) u103563 | ||
| 245 | _aHB Property Developments Ltd v SOS for the Environment | ||
| 260 | _c2000 | ||
| 490 |
_aProperty and Compensation Reports _v[1999] 78 P&CR 2, 108-118 |
||
| 520 | _aCA 17 February 1998. Landlord and tenant. Lease of office premises. Break clause provided for determination of lease on conditions. Tenant gave written notice that break clause being exercised. Condition as to payment of premium on due date not met. Landlord accepted keys and took over security to premises. Whether break notice effective. Whether landlord had waived strict requirements of performance. Whether landlord had requisite knowledge to elect to waive breach. TAKEN FROM JOURNAL HEADNOTE | ||
| 650 | _aBREAK CLAUSES | ||
| 650 | _aHB PROPERTY DEVELOPMENTS LTD V SOS ENVIRONMENT | ||
| 690 | _aLANDLORD AND TENANT-CASE LAW-LEASES | ||
| 942 | _n0 | ||
| 999 |
_c62206 _d62206 |
||